Normal view
MARC view
- Drinane, Joanna M.
Entry Personal Name
001 - CONTROL NUMBER
- control field: 69369
003 - CONTROL NUMBER IDENTIFIER
- control field: OSt
005 - DATE AND TIME OF LATEST TRANSACTION
- control field: 20251114185616.0
008 - FIXED-LENGTH DATA ELEMENTS
- fixed length control field: 251114|| aca||aabn | a|a d
040 ## - CATALOGING SOURCE
- Original cataloging agency: OSt
100 ## - HEADING--PERSONAL NAME
- Personal name: Drinane, Joanna M.
- Relator term: author.
